Educational Research (Record no. 29358)

MARC details
000 -LEADER
fixed length control field 00432nam a2200181Ia 4500
020 ## - INTERNATIONAL STANDARD BOOK NUMBER
ISBN 0-673-38449-7
050 ## - CALL MARK
Classification number LB1028.M364
100 ## - STATEMENT OF RESPONSIBILITY--MAIN AUTHOR NAME
Personal name James H. Mcmillan
245 #0 - TITLE STATEMENT
Title Educational Research
260 ## - PUBLICATION, DISTRIBUTION, ETC. (IMPRINT)
Place of publication New York
260 ## - PUBLICATION, DISTRIBUTION, ETC. (IMPRINT)
Name of publisher Harper Collins Publishers
260 ## - PUBLICATION, DISTRIBUTION, ETC. (IMPRINT)
Year of publication 1992
300 ## - PHYSICAL DESCRIPTION
Number of Pages 326 p
650 ## - SUBJECT ADDED ENTRY--TOPICAL TERM
Topical Term Education - Research
942 ## - ADDED ENTRY ELEMENTS (KOHA)
Koha item type Books
Holdings
Withdrawn status Lost status Source of classification or shelving scheme Damaged status Not for loan Permanent Location Current Location Date acquired Accession Number Price effective from Koha item type
    Library of Congress Classification     NILE UNIVERSITY OF NIGERIA - MAIN LIBRARY NILE UNIVERSITY OF NIGERIA - MAIN LIBRARY 04/23/2025 0005030 04/23/2025 Books